[Event "Autunno Scacchistico Magistrale"]
[Site "Venezia ITA"]
[Date "2003.11.02"]
[Round "6"]
[White "Pechy, Alaster"]
[Black "Navarro, Emanuele"]
[Result "1-0"]
[WhiteElo "2104"]
[BlackElo "2217"]
[PlyCount "88"]
[EventDate "2003.10.30"]

1. d4 d6 2. c4 Nf6 3. Nc3 g6 4. e4 Bg7 5. f3 Nbd7 6. Be3 c6 7. Qd2 Qc7 8. Nge2
Nb6 9. Ng3 h5 10. h4 Bd7 11. c5 dxc5 12. Bf4 Qd8 13. dxc5 Nc8 14. Rd1 Qa5 15.
e5 Nd5 16. Nxd5 Qxd2+ 17. Rxd2 cxd5 18. Rxd5 a6 19. Bc4 Na7 20. Rd2 Rc8 21.
Bxf7+ Kxf7 22. Rxd7 Rxc5 23. Rxb7 Ra8 24. Ne4 Rc2 25. Ng5+ Kg8 26. O-O Nb5 27.
Ne6 Bh8 28. a4 Na7 29. Nc7 Rc8 30. Rxa7 R8xc7 31. Rxc7 Rxc7 32. b3 Rc2 33. Re1
Kf7 34. e6+ Kf8 35. Be5 Bxe5 36. Rxe5 Rc3 37. b4 Kg7 38. Re4 Ra3 39. a5 Ra2 40.
Rf4 Re2 41. Rf7+ Kg8 42. Rxe7 Kf8 43. Rf7+ Ke8 44. Rb7 Rxe6 1-0

[Event "Autunno Scacchistico Magistrale"]
[Site "Venezia ITA"]
[Date "2003.11.02"]
[Round "6"]
[White "Quaranta, Cristiano"]
[Black "Roberti, Ignazio"]
[Result "1-0"]
[WhiteElo "1942"]
[BlackElo "1990"]
[PlyCount "51"]
[EventDate "2003.10.30"]

1. d4 Nf6 2. Bg5 Ne4 3. Bf4 c5 4. d5 d6 5. f3 Qa5+ 6. c3 Nf6 7. e4 Nbd7 8. Nh3
g6 9. Nd2 Bg7 10. Nb3 Qc7 11. Qd2 Nh5 12. Bh6 Ne5 13. Bxg7 Nxg7 14. Nf2 a6 15.
Be2 b5 16. Qh6 O-O 17. f4 Nd7 18. h4 f5 19. h5 Rf6 20. hxg6 hxg6 21. Qh8+ Kf7
22. Rh7 Nf8 23. Qxg7+ Ke8 24. Qxf6 Nxh7 25. Qxg6+ Kd8 26. Qxh7 1-0

[Event "Autunno Scacchistico Magistrale"]
[Site "Venezia ITA"]
[Date "2003.11.02"]
[Round "6"]
[White "Verducci, Gianni"]
[Black "Zotti, Enrico"]
[Result "1-0"]
[WhiteElo "1959"]
[BlackElo "2043"]
[PlyCount "47"]
[EventDate "2003.10.30"]

1. e4 c5 2. Nc3 d6 3. Nge2 Nf6 4. g3 g6 5. Bg2 Bg7 6. O-O O-O 7. d3 Nc6 8. f4
e6 9. h3 a6 10. g4 Qc7 11. Ng3 b5 12. g5 Nd7 13. f5 Bd4+ 14. Kh2 Bb7 15. Nce2
Be5 16. Nf4 Rae8 17. Qg4 Nd8 18. f6 Nb6 19. Qh4 Kh8 20. Nfe2 d5 21. Bf4 Rg8 22.
Bxe5 Qxe5 23. Rf4 dxe4 24. Qxh7+ 1-0

[Event "Autunno Scacchistico Magistrale"]
[Site "Venezia ITA"]
[Date "2003.11.02"]
[Round "6"]
[White "Zanin, Dario"]
[Black "Rigo, Gianfrancesco"]
[Result "1-0"]
[WhiteElo "2039"]
[BlackElo "2059"]
[PlyCount "59"]
[EventDate "2003.10.30"]

1. e4 e6 2. d4 d5 3. Nc3 Bb4 4. e5 c5 5. a3 Bxc3+ 6. bxc3 Ne7 7. Nf3 Bd7 8. Be2
Ba4 9. O-O Nbc6 10. Rb1 Qc7 11. Be3 c4 12. Qc1 Ng6 13. Qb2 O-O-O 14. Qa2 b5 15.
Rb2 f6 16. Rfb1 a6 17. exf6 gxf6 18. Nd2 Rhg8 19. Nb3 Nh4 20. g3 Nf5 21. Nc5
Rxg3+ 22. hxg3 Nxg3 23. Bg4 Ne2+ 24. Bxe2 Rg8+ 25. Kf1 Qh2 26. Ke1 e5 27. Nxa4
exd4 28. cxd4 bxa4 29. Bxc4 dxc4 30. Qxc4 1-0